[Event "TCh-TUR Super League 2023"]
[Site "Ankara TUR"]
[Date "2023.07.10"]
[Round "1.4"]
[Board "4"]
[White "Yurtseven, Melih"]
[Black "Eren, Ataberk"]
[Result "0-1"]
[WhiteTitle "IM"]
[BlackTitle "FM"]
[WhiteElo "2329"]
[BlackElo "2324"]
[WhiteTeam "DENIZ SU SATRANC GENCLIK VE"]
[BlackTeam "BURSA BUYUKSEHIR BELEDIYE SPOR KULUBU"]
[WhiteFideId "6312160"]
[BlackFideId "6349765"]
[EventDate "2023.07.10"]

1. e4 e6 2. d4 d5 3. e5 c5 4. c3 Nc6 5. Nf3 Bd7 6. Bd3 cxd4 7. O-O dxc3 8. Nxc3
a6 9. Re1 Bc5 10. Ng5 Nh6 11. Qh5 Qb6 12. Nh3 Nd4 13. Rb1 Nhf5 14. Bd2 Be7 15.
Ng5 g6 16. Qh3 h5 17. b4 Qd8 18. f4 Nh6 19. Kh1 Ng4 20. Rf1 Nf5 21. Be2 Nxe5 22.
Nxe6 Bxe6 23. fxe5 h4 24. Qf3 Ng3+ 25. Kg1 Nxf1 26. Bxf1 Rc8 27. Bd3 Bg5 28. Qf2
Bxd2 29. Qxd2 Qc7 30. Na4 Qxe5 31. Nc5 O-O 32. Qf2 Rfe8 33. Re1 Qg5 34. Rf1 Rc7
35. Qd4 Bh3 36. Rf2 Bc8 37. Bf1 Rce7 38. Nd3 h3 39. Nf4 Re5 40. g3 Bd7 41. Qb6
Re1 42. Qxb7 Bb5 43. Nxh3 Qe7 44. Qxd5 Bxf1 0-1

[Event "TCh-TUR Super League 2023"]
[Site "Ankara TUR"]
[Date "2023.07.10"]
[Round "1.4"]
[Board "5"]
[White "Aydin, Gulenay"]
[Black "Salimova, Nurgyul"]
[Result "0-1"]
[WhiteTitle "WFM"]
[BlackTitle "IM"]
[WhiteElo "2145"]
[BlackElo "2409"]
[WhiteTeam "BURSA BUYUKSEHIR BELEDIYE SPOR KULUBU"]
[BlackTeam "DENIZ SU SATRANC GENCLIK VE"]
[WhiteFideId "34557431"]
[BlackFideId "2915138"]
[EventDate "2023.07.10"]

1. e4 c6 2. Nf3 d5 3. d3 dxe4 4. dxe4 Qxd1+ 5. Kxd1 Nf6 6. Nbd2 Rg8 7. Bd3 Nbd7
8. c3 g5 9. Nd4 Nc5 10. Bc2 Bg4+ 11. f3 e5 12. fxg4 exd4 13. cxd4 Ne6 14. Nf3
O-O-O 15. Ke2 h5 16. h3 hxg4 17. hxg4 Nxd4+ 18. Nxd4 Rxd4 19. Be3 Rb4 20. Rab1
Nxg4 21. Rhf1 Nxe3 22. Kxe3 Bc5+ 23. Ke2 Rg7 24. a3 Rc4 25. Bd3 Rd4 26. Rf5 Bd6
27. Rbf1 Bf4 28. Rf3 Rd7 29. g3 Bc1 30. Bc4 Bxb2 31. Rxf7 Rgxf7 32. Bxf7 Re7 33.
Bg6 Be5 34. Rb3 Kc7 35. Kf3 Rg7 36. Bf5 b5 37. Kg4 a5 38. Be6 Bd4 39. Kf5 a4 40.
Rb1 Bc5 41. Ra1 Re7 42. e5 Bd4 43. Rb1 Re8 44. g4 Rf8+ 45. Kxg5 Bxe5 46. Bf5 Bd6
47. Ra1 Re8 48. Kh6 Re3 49. g5 Rxa3 50. Rxa3 Bxa3 51. g6 Bf8+ 52. g7 Bxg7+ 53.
Kxg7 a3 54. Be6 c5 55. Ba2 c4 0-1

[Event "TCh-TUR Super League 2023"]
[Site "Ankara TUR"]
[Date "2023.07.10"]
[Round "1.4"]
[Board "6"]
[White "Erten, Kerem"]
[Black "Babazada, Khazar"]
[Result "1/2-1/2"]
[WhiteTitle "CM"]
[BlackTitle "IM"]
[WhiteElo "2287"]
[BlackElo "2460"]
[WhiteTeam "DENIZ SU SATRANC GENCLIK VE"]
[BlackTeam "BURSA BUYUKSEHIR BELEDIYE SPOR KULUBU"]
[WhiteFideId "34588221"]
[BlackFideId "13413554"]
[EventDate "2023.07.10"]

1. e4 Nf6 2. e5 Nd5 3. d4 d6 4. c4 Nb6 5. f4 dxe5 6. fxe5 Nc6 7. Be3 Bf5 8. Nc3
e6 9. Nf3 Be7 10. Be2 O-O 11. O-O f6 12. exf6 Bxf6 13. Qd2 Qe7 14. Rad1 Rad8 15.
Kh1 Bg6 16. Qc1 Kh8 17. Rfe1 Bh5 18. c5 Nd5 19. Bg1 Bh4 20. Nxh4 Qxh4 21. Nxd5
exd5 22. Bxh5 Qxh5 23. Qc2 Rde8 24. h3 Qh4 25. Rxe8 Rxe8 26. Qb3 Qh5 27. Bh2 Na5
28. Qd3 Nc4 29. Rf1 Nxb2 30. Qd2 Nc4 31. Qf4 h6 32. Qxc7 Ne3 1/2-1/2

[Event "TCh-TUR Super League 2023"]
[Site "Ankara TUR"]
[Date "2023.07.10"]
[Round "1.5"]
[Board "1"]
[White "Sanal, Vahap"]
[Black "Ivic, Velimir"]
[Result "1-0"]
[WhiteTitle "GM"]
[BlackTitle "GM"]
[WhiteElo "2585"]
[BlackElo "2590"]
[WhiteTeam "GOKTURK"]
[BlackTeam "BURHANIYE"]
[WhiteFideId "6300545"]
[BlackFideId "950122"]
[EventDate "2023.07.10"]

1. e4 c5 2. Nf3 e6 3. d4 cxd4 4. Nxd4 Nc6 5. Nc3 Nf6 6. Ndb5 d6 7. Bf4 e5 8. Bg5
a6 9. Na3 b5 10. Nd5 Be7 11. Bxf6 Bxf6 12. c3 Rb8 13. Nc2 Bg5 14. Be2 O-O 15.
O-O Kh8 16. Nce3 g6 17. Kh1 f5 18. exf5 gxf5 19. f4 Bh6 20. Bd3 exf4 21. Nxf4
Qh4 22. Qe1 Qe7 23. Ned5 Qg7 24. Ne6 Bxe6 25. Qxe6 Ne5 26. Bxf5 Rbe8 27. Qxd6
Nc4 28. Qc6 Nd2 29. Rf2 Re5 30. g4 Bg5 31. Nf4 Nc4 32. Rd1 Re7 33. Ne6 Qf6 34.
Rdf1 Be3 35. g5 Qe5 36. Nxf8 Bxf2 37. Ne6 Nd6 38. Rxf2 1-0

[Event "TCh-TUR Super League 2023"]
[Site "Ankara TUR"]
[Date "2023.07.10"]
[Round "1.5"]
[Board "2"]
[White "Skoberne, Jure"]
[Black "Yilmaz, Mustafa"]
[Result "1/2-1/2"]
[WhiteTitle "GM"]
[BlackTitle "GM"]
[WhiteElo "2536"]
[BlackElo "2639"]
[WhiteTeam "BURHANIYE"]
[BlackTeam "GOKTURK"]
[WhiteFideId "14604299"]
[BlackFideId "6302718"]
[EventDate "2023.07.10"]

1. d4 Nf6 2. Nf3 d5 3. Bf4 c5 4. e3 Nc6 5. Nbd2 Nh5 6. dxc5 Nxf4 7. exf4 g6 8.
Nb3 Bh6 9. g3 O-O 10. Bg2 a5 11. a4 Bg7 12. c3 b6 13. O-O bxc5 14. Nxc5 Rb8 15.
Qd2 d4 16. Rac1 dxc3 17. bxc3 Qc7 18. Qe2 e5 19. fxe5 Nxe5 20. Nxe5 Bxe5 21. Na6
Bxa6 22. Qxa6 Rb2 23. Bd5 Rd2 24. Rfd1 Rxd1+ 25. Rxd1 Bxc3 26. Qb5 Bb4 27. Bb3
Rd8 28. Rxd8+ Qxd8 29. Qd5 Qxd5 30. Bxd5 Kg7 1/2-1/2

[Event "TCh-TUR Super League 2023"]
[Site "Ankara TUR"]
[Date "2023.07.10"]
[Round "1.5"]
[Board "3"]
[White "Can, Emre"]
[Black "Celik, Hasan Huseyin"]
[Result "1-0"]
[WhiteTitle "GM"]
[BlackTitle "FM"]
[WhiteElo "2570"]
[BlackElo "2405"]
[WhiteTeam "GOKTURK"]
[BlackTeam "BURHANIYE"]
[WhiteFideId "6302181"]
[BlackFideId "44506759"]
[EventDate "2023.07.10"]

1. d4 Nf6 2. c4 c6 3. Nf3 d5 4. e3 Bf5 5. cxd5 cxd5 6. Qb3 Qb6 7. Qxb6 axb6 8.
Nc3 Nc6 9. Ne5 Bd7 10. f3 e6 11. Bd2 Bd6 12. Nb5 Bb8 13. Nxd7 Kxd7 14. a3 Rc8
15. Bd3 g6 16. O-O Ne8 17. e4 Nd6 18. exd5 Nxb5 19. dxe6+ Kxe6 20. Bxb5 Nxd4 21.
Bd3 Ke7 22. Be4 Nc6 23. Rfe1 Kf8 24. Bh6+ Kg8 25. Rad1 Ra5 26. Bd5 Bc7 27. g4
Raa8 28. Bxc6 bxc6 29. Rd7 b5 30. Ree7 Bb6+ 31. Kg2 Rd8 32. Rxf7 Bd4 33. Bc1
Rxd7 34. Rxd7 c5 35. Rb7 b4 36. axb4 Ra2 37. bxc5 Bxc5 38. Rc7 Bd4 39. f4 Bxb2
40. Rc2 Bxc1 41. Rxa2 Bxf4 42. h4 Be5 43. Ra8+ Kg7 44. Ra7+ Kg8 45. g5 Bf4 46.
Kf3 Bd2 47. Rd7 Bc1 48. Rd1 Bb2 49. Rd8+ Kg7 50. Rd7+ Kg8 51. Kg4 Bc1 52. h5
gxh5+ 53. Kxh5 Ba3 54. Rd3 Bb4 55. Kg4 Kg7 56. Kf5 Kf7 57. Rb3 Bc5 58. Rb7+ Kg8
59. Ke4 Bf8 60. Ke5 Bg7+ 61. Kf5 Bd4 62. Rd7 Bc3 63. Rd3 Bb2 64. Kg4 Bg7 65. Kh5
Bf8 66. g6 hxg6+ 67. Kxg6 Be7 68. Rc3 1-0

[Event "TCh-TUR Super League 2023"]
[Site "Ankara TUR"]
[Date "2023.07.10"]
[Round "1.5"]
[Board "4"]
[White "Bicer, Atakan Mert"]
[Black "Gokerkan, Cem Kaan"]
[Result "1/2-1/2"]
[WhiteTitle "FM"]
[BlackTitle "IM"]
[WhiteElo "2311"]
[BlackElo "2516"]
[WhiteTeam "BURHANIYE"]
[BlackTeam "GOKTURK"]
[WhiteFideId "34560645"]
[BlackFideId "6336760"]
[EventDate "2023.07.10"]

1. c4 Nf6 2. g3 e5 3. Bg2 d5 4. cxd5 Nxd5 5. Nf3 Nc6 6. O-O Nb6 7. Nc3 Be7 8. d3
O-O 9. Be3 Be6 10. a3 f5 11. b4 Bf6 12. Rc1 Kh8 13. Nd2 Nd5 14. Nxd5 Bxd5 15.
Bxd5 Qxd5 16. Nb3 Rac8 17. Nc5 b6 18. Qb3 Qxb3 19. Nxb3 Nd8 20. Rc4 Ne6 21. Rfc1
Rcd8 22. R1c2 h5 23. f4 Rfe8 24. fxe5 Bxe5 25. Bf4 Bxf4 26. gxf4 b5 27. Rc6 Nxf4
28. Kf2 Rd7 29. Rxc7 Rxe2+ 30. Kf3 Rxd3+ 31. Kxf4 Rxc2 32. Rxc2 Rxb3 33. Kxf5
Kh7 34. Kg5 Rh3 35. Rd2 Rxa3 36. Kxh5 Rb3 37. Ra2 Rxb4 38. Rxa7 Rb1 39. Rb7 b4
40. Kg4 Kg6 41. Rb6+ Kf7 42. Kf5 b3 43. Rb7+ Kf8 44. Kg6 b2 45. Kh7 g5 46. Kg6
g4 47. Rf7+ Ke8 48. Rf2 Kd7 49. Kg5 Ke6 50. Rg2 Kd5 51. Kxg4 Kc4 52. h4 Kb3 53.
Rg3+ Ka2 54. h5 Rh1 55. Rg2 Ka1 56. Rxb2 Kxb2 57. Kg5 Kc3 58. h6 Kd4 59. Kg6 Ke5
60. h7 Ke6 61. Kg7 Rg1+ 62. Kf8 Rf1+ 63. Kg7 Rg1+ 64. Kf8 Rh1 65. Kg7 Rxh7+ 66.
Kxh7 1/2-1/2

[Event "TCh-TUR Super League 2023"]
[Site "Ankara TUR"]
[Date "2023.07.10"]
[Round "1.5"]
[Board "5"]
[White "Ozturk Orenli, Kubra"]
[Black "Yakubbaeva, Nilufar"]
[Result "1/2-1/2"]
[WhiteTitle "WGM"]
[BlackTitle "WGM"]
[WhiteElo "2319"]
[BlackElo "2311"]
[WhiteTeam "GOKTURK"]
[BlackTeam "BURHANIYE"]
[WhiteFideId "6302599"]
[BlackFideId "14204487"]
[EventDate "2023.07.10"]

1. d4 Nf6 2. c4 e6 3. g3 d5 4. Bg2 Bb4+ 5. Bd2 Be7 6. Nf3 O-O 7. O-O b6 8. Nc3
Bb7 9. Ne5 Nbd7 10. Qa4 Nxe5 11. dxe5 Ne8 12. Rad1 c6 13. Bf4 Nc7 14. cxd5 exd5
15. b4 a5 16. bxa5 Rxa5 17. Qb3 Ne6 18. Bc1 Qc7 19. f4 Rd8 20. e3 Ba6 21. Rf2
Bc4 22. Qb1 Nc5 23. Bb2 b5 24. a3 Na4 25. Nxa4 Rxa4 26. f5 Bxa3 27. Bd4 c5 28.
Bc3 Bb4 29. Bb2 Ba3 30. Bc3 Bb4 31. Bb2 d4 32. exd4 cxd4 33. Bxd4 Rxd4 34. Rxd4
Bc5 35. Qd1 Bxd4 36. Qxd4 Be6 1/2-1/2

[Event "TCh-TUR Super League 2023"]
[Site "Ankara TUR"]
[Date "2023.07.10"]
[Round "1.5"]
[Board "6"]
[White "Gallevci, Yagiz"]
[Black "Kilic, Eray"]
[Result "0-1"]
[WhiteTitle "CM"]
[BlackTitle "FM"]
[WhiteElo "2204"]
[BlackElo "2422"]
[WhiteTeam "BURHANIYE"]
[BlackTeam "GOKTURK"]
[WhiteFideId "6379931"]
[BlackFideId "44517173"]
[EventDate "2023.07.10"]

1. c4 Nf6 2. Nc3 e6 3. Nf3 d5 4. e3 c5 5. cxd5 exd5 6. Bb5+ Nc6 7. d4 Bd7 8. O-O
a6 9. Bxc6 Bxc6 10. b3 Bd6 11. dxc5 Bxc5 12. Bb2 O-O 13. Rc1 Bd6 14. Qd4 Re8 15.
Rfd1 Qe7 16. Rc2 Rad8 17. Qh4 Qf8 18. h3 h6 19. Qd4 Ne4 20. Qd3 Bb8 21. Qd4 f6
22. Qb6 Ng5 23. Nxg5 hxg5 24. Ne2 Qd6 25. Ng3 Qe6 26. Nf1 g4 27. hxg4 Qxg4 28.
Qd4 Re4 29. Qd2 Qh5 30. Qe2 Qh7 31. g3 Kf7 32. f3 Ree8 33. Bd4 Rh8 34. Qg2 Qf5
35. g4 Qg6 36. Rcc1 Rh4 37. Bc3 Rdh8 38. Be1 Rh3 39. Bg3 Bxg3 40. Nxg3 Qh6 41.
Nf1 Qh4 42. Qf2 Rh1+ 43. Kg2 Qh3# 0-1

[Event "TCh-TUR Super League 2023"]
[Site "Ankara TUR"]
[Date "2023.07.10"]
[Round "1.6"]
[Board "1"]
[White "Vidit, Santosh Gujrathi"]
[Black "Sankalp, Gupta"]
[Result "1-0"]
[WhiteTitle "GM"]
[BlackTitle "GM"]
[WhiteElo "2719"]
[BlackElo "2497"]
[WhiteTeam "TURK HAVA YOLLARI"]
[BlackTeam "ROTA KOLEJI"]
[WhiteFideId "5029465"]
[BlackFideId "5097010"]
[EventDate "2023.07.10"]

1. c4 e5 2. g3 c6 3. d4 e4 4. a3 d5 5. Nc3 h6 6. Bg2 Nf6 7. f3 exf3 8. Nxf3 dxc4
9. O-O Be7 10. e4 O-O 11. h3 b5 12. Kh2 a5 13. Bf4 Na6 14. d5 cxd5 15. Nd4 Bb7
16. Nf5 dxe4 17. Nxe7+ Qxe7 18. Bd6 Qe6 19. Bxf8 Rxf8 20. Nxb5 Qe5 21. Nd4 g6
22. Rc1 Nc5 23. Rxc4 Nh5 24. Qg4 Bc8 25. Rxc5 Qxc5 26. Qxe4 Qd6 27. Rf3 f5 28.
Qd3 Bb7 29. Nb5 Qb6 30. Qb3+ Rf7 31. Rd3 Qf2 32. Rd8+ Kg7 33. Qc3+ Nf6 34. Rd2
Qb6 35. Nd6 Bxg2 36. Nxf7 Bd5 37. Ne5 1-0

[Event "TCh-TUR Super League 2023"]
[Site "Ankara TUR"]
[Date "2023.07.10"]
[Round "1.6"]
[Board "2"]
[White "Mammadov, Zaur"]
[Black "Cheparinov, Ivan"]
[Result "1/2-1/2"]
[WhiteTitle "GM"]
[BlackTitle "GM"]
[WhiteElo "2398"]
[BlackElo "2663"]
[WhiteTeam "ROTA KOLEJI"]
[BlackTeam "TURK HAVA YOLLARI"]
[WhiteFideId "13401033"]
[BlackFideId "2905540"]
[EventDate "2023.07.10"]

1. e4 c6 2. c4 d5 3. cxd5 cxd5 4. exd5 Nf6 5. Nc3 Nxd5 6. Nf3 Nc6 7. Bb5 g6 8.
Qa4 Qd6 9. Ne4 Qe6 10. O-O Bg7 11. Re1 O-O 12. d4 Rd8 13. Bg5 Nb6 14. Qa3 Nxd4
15. Nxd4 Rxd4 16. Qxe7 Qxe7 17. Bxe7 Be6 18. Nf6+ Kh8 19. Ne8 Rc8 20. a3 Rd2 21.
Nxg7 Kxg7 22. b4 Bc4 23. Bxc4 Nxc4 24. Rac1 b5 25. Bc5 a6 26. a4 Rcd8 27. axb5
axb5 28. h3 h5 29. Re7 R2d7 30. Rxd7 Rxd7 31. Ra1 1/2-1/2

[Event "TCh-TUR Super League 2023"]
[Site "Ankara TUR"]
[Date "2023.07.10"]
[Round "1.6"]
[Board "3"]
[White "Yilmazyerli, Mert"]
[Black "Tarhan, Adar"]
[Result "1-0"]
[WhiteTitle "GM"]
[BlackTitle "FM"]
[WhiteElo "2542"]
[BlackElo "2347"]
[WhiteTeam "TURK HAVA YOLLARI"]
[BlackTeam "ROTA KOLEJI"]
[WhiteFideId "6305962"]
[BlackFideId "34544712"]
[EventDate "2023.07.10"]

1. d4 d5 2. c4 e6 3. Nc3 Nf6 4. cxd5 exd5 5. Bg5 c6 6. e3 Be7 7. Bd3 Nbd7 8.
Nge2 Nf8 9. O-O Ne6 10. Bh4 O-O 11. Qc2 g6 12. Rab1 a5 13. Rbe1 Ng7 14. f3 Bf5
15. e4 dxe4 16. fxe4 Bg4 17. Bf2 Ne6 18. h3 Bxe2 19. Nxe2 Nh5 20. Bc4 Bh4 21. g3
Bg5 22. h4 Bh6 23. d5 cxd5 24. exd5 Neg7 25. Bc5 Re8 26. d6 Ne6 27. Nd4 Nxg3 28.
Rxf7 Kxf7 29. Nxe6 Qxh4 30. Qf2+ Kg8 31. Nd8+ 1-0

[Event "TCh-TUR Super League 2023"]
[Site "Ankara TUR"]
[Date "2023.07.10"]
[Round "1.6"]
[Board "4"]
[White "Karaoglan, Doruk"]
[Black "Can, Isik"]
[Result "1-0"]
[WhiteTitle "CM"]
[BlackTitle "IM"]
[WhiteElo "2247"]
[BlackElo "2512"]
[WhiteTeam "ROTA KOLEJI"]
[BlackTeam "TURK HAVA YOLLARI"]
[WhiteFideId "6390927"]
[BlackFideId "6383742"]
[EventDate "2023.07.10"]

1. e4 c5 2. Nf3 d6 3. d4 cxd4 4. Nxd4 Nf6 5. Nc3 a6 6. Bg5 e6 7. f4 h6 8. Bh4
Qb6 9. Qd3 Qxb2 10. Rb1 Qa3 11. f5 Be7 12. fxe6 fxe6 13. e5 dxe5 14. Bxf6 gxf6
15. Nb3 f5 16. Be2 Bh4+ 17. g3 Bf6 18. Bh5+ Ke7 19. O-O Qd6 20. Qe3 Bg5 21. Qe1
Bd7 22. h4 Bf6 23. Ne4 fxe4 24. Rxf6 Kxf6 25. Qf2+ Ke7 26. Rf1 Kd8 27. Qf6+ Kc7
28. Qxh8 a5 29. Rd1 Qb6+ 30. Kg2 Nc6 31. Qxa8 Bc8 32. Be8 Qe3 33. Rf1 Na7 34.
Rf7+ Kd8 35. Bd7 Qe2+ 36. Rf2 1-0

[Event "TCh-TUR Super League 2023"]
[Site "Ankara TUR"]
[Date "2023.07.10"]
[Round "1.6"]
[Board "5"]
[White "Vaishali, Rameshbabu"]
[Black "Mammadova, Narmin"]
[Result "1-0"]
[WhiteTitle "IM"]
[BlackTitle "WIM"]
[WhiteElo "2431"]
[BlackElo "2241"]
[WhiteTeam "TURK HAVA YOLLARI"]
[BlackTeam "ROTA KOLEJI"]
[WhiteFideId "5091756"]
[BlackFideId "13403710"]
[EventDate "2023.07.10"]

1. d4 d5 2. Bf4 c5 3. e3 cxd4 4. exd4 Nc6 5. c3 Bf5 6. Qb3 Qd7 7. Nf3 f6 8. Be2
g5 9. Bg3 h5 10. h4 g4 11. Nh2 e6 12. Nd2 Nge7 13. O-O Bg6 14. Rfe1 Bh6 15. Nhf1
O-O 16. Qa3 Nf5 17. Nb3 b6 18. Rad1 Nxg3 19. Nxg3 f5 20. Bd3 Ne7 21. Bb5 Qxb5
22. Rxe6 Rf7 23. Qd6 f4 24. Rxe7 Rxe7 25. Qxg6+ Rg7 26. Qe6+ Kh7 27. Nxh5 Rg6
28. Qf7+ Bg7 29. Nxf4 Rf6 30. Qh5+ Rh6 31. Qf5+ Kh8 32. Ng6+ Kg8 33. Re1 Re8 34.
Re7 Rxg6 35. Qf7+ Kh7 36. Rxe8 g3 37. fxg3 Qd3 38. Qf3 Qxf3 39. gxf3 Rxg3+ 40.
Kf2 Rh3 41. Kg2 Rxh4 42. Nc1 b5 43. Nd3 Rh6 44. Rd8 Re6 45. Nf4 Re1 46. Rxd5 a6
47. Rd7 Kh6 48. Rd6+ Kh7 49. Rxa6 Bh6 50. Nd5 Re2+ 51. Kg3 Rxb2 52. f4 Bg7 53.
f5 b4 54. f6 Bf8 55. cxb4 Bxb4 56. Kf4 Kg6 57. Nxb4 Rxb4 58. Ke5 Rb1 59. d5 Re1+
60. Kd6 Kxf6 61. Kd7+ Kf7 62. d6 Rc1 63. Rc6 Ra1 64. Rc2 1-0

[Event "TCh-TUR Super League 2023"]
[Site "Ankara TUR"]
[Date "2023.07.10"]
[Round "1.6"]
[Board "6"]
[White "Yavuz, Efe Metehan"]
[Black "Gurel, Ediz"]
[Result "1/2-1/2"]
[WhiteTitle "FM"]
[BlackTitle "IM"]
[WhiteElo "2346"]
[BlackElo "2500"]
[WhiteTeam "ROTA KOLEJI"]
[BlackTeam "TURK HAVA YOLLARI"]
[WhiteFideId "34514570"]
[BlackFideId "44507356"]
[EventDate "2023.07.10"]

1. d4 Nf6 2. c4 c6 3. Nf3 d5 4. cxd5 cxd5 5. Nc3 Nc6 6. Bf4 Bf5 7. e3 e6 8. Qb3
Bb4 9. Bb5 O-O 10. Bxc6 Bxc3+ 11. Qxc3 Rc8 12. Ne5 Ng4 13. Nxg4 Bxg4 14. Qb4
Rxc6 15. Qxb7 Qc8 16. Qxc8 Rfxc8 17. O-O f6 18. b4 Be2 19. Rfe1 Bd3 20. a4 a6
21. Ra3 Rc1 22. Ra1 R1c6 23. Ra3 Rc1 24. Ra1 R1c6 25. Ra3 Rc1 26. Ra1 R1c6 1/2-1/2

[Event "TCh-TUR Super League 2023"]
[Site "Ankara TUR"]
[Date "2023.07.11"]
[Round "2.1"]
[Board "1"]
[White "Sychev, Klementy"]
[Black "Sankalp, Gupta"]
[Result "0-1"]
[WhiteTitle "GM"]
[BlackTitle "GM"]
[WhiteElo "2540"]
[BlackElo "2497"]
[WhiteTeam "TAS DUVAR"]
[BlackTeam "ROTA KOLEJI"]
[WhiteFideId "4114060"]
[BlackFideId "5097010"]
[EventDate "2023.07.10"]

1. d4 d5 2. c4 dxc4 3. e4 b5 4. a4 c6 5. axb5 cxb5 6. Nc3 Qb6 7. Be3 e6 8. Nh3
Nf6 9. Be2 Bb7 10. Bh5 Bb4 11. d5 Qd6 12. Ng5 O-O 13. O-O exd5 14. Bxf7+ Rxf7
15. Nxf7 Kxf7 16. Nxb5 Qe7 17. e5 Qxe5 18. Bd4 Qe7 19. Bxf6 gxf6 20. b3 cxb3 21.
Rb1 Nd7 22. Rxb3 Ne5 23. Qb1 a5 24. Qxh7+ Ke8 25. Nc7+ Kd7 26. Qxe7+ Kxe7 27.
Nxa8 Bxa8 28. Rd1 Bc6 29. Rdb1 Bc5 30. Rc1 Kd6 31. h4 Ng4 32. Rf3 Bd7 33. h5 f5
34. Rc2 a4 35. Rh3 Nh6 36. Rg3 Be8 37. Rg7 a3 38. Rg3 Ng4 39. Rh3 Nxf2 40. Rf3
Ng4+ 41. Kh1 Bxh5 42. Rh3 Nf2+ 43. Rxf2 Bxf2 44. Rxh5 Bd4 45. Rh6+ Kc5 46. Ra6
Kb4 47. Ra8 Kb3 48. Rb8+ Kc2 49. Ra8 Bb2 0-1

[Event "TCh-TUR Super League 2023"]
[Site "Ankara TUR"]
[Date "2023.07.11"]
[Round "2.1"]
[Board "2"]
[White "Mammadov, Zaur"]
[Black "Visakh, N R"]
[Result "1/2-1/2"]
[WhiteTitle "GM"]
[BlackTitle "GM"]
[WhiteElo "2398"]
[BlackElo "2536"]
[WhiteTeam "ROTA KOLEJI"]
[BlackTeam "TAS DUVAR"]
[WhiteFideId "13401033"]
[BlackFideId "25012223"]
[EventDate "2023.07.10"]

1. e4 e5 2. Nf3 Nc6 3. Nc3 Nf6 4. d4 exd4 5. Nxd4 Bb4 6. Nxc6 bxc6 7. Bd3 d5 8.
exd5 cxd5 9. O-O O-O 10. h3 c6 11. Qf3 Rb8 12. Bf4 Bd6 13. b3 Be6 14. Rfe1 c5
15. Rad1 Bxf4 16. Qxf4 Qa5 17. Qd2 Qb4 18. Na4 Rfc8 19. c3 Qa3 20. Bc2 Bd7 21.
Nb2 c4 22. Rb1 Kh8 23. Qc1 cxb3 24. Bxb3 Bf5 25. Ra1 Ne4 26. Na4 Qxc1 27. Raxc1
Be6 28. Rcd1 Nf6 29. Re3 Rc7 30. f3 Rbc8 31. Rd4 1/2-1/2

[Event "TCh-TUR Super League 2023"]
[Site "Ankara TUR"]
[Date "2023.07.11"]
[Round "2.1"]
[Board "3"]
[White "Samani, Yamac"]
[Black "Yavuz, Efe Metehan"]
[Result "0-1"]
[WhiteTitle "FM"]
[BlackTitle "FM"]
[WhiteElo "2375"]
[BlackElo "2346"]
[WhiteTeam "TAS DUVAR"]
[BlackTeam "ROTA KOLEJI"]
[WhiteFideId "6352634"]
[BlackFideId "34514570"]
[EventDate "2023.07.10"]

1. d4 Nf6 2. c4 e6 3. Nc3 Bb4 4. e3 b6 5. Ne2 c5 6. a3 Ba5 7. g3 Bb7 8. d5 b5 9.
Bg2 bxc4 10. e4 O-O 11. O-O d6 12. dxe6 fxe6 13. Bg5 Nc6 14. e5 dxe5 15. Qa4
Bxc3 16. Nxc3 Qb6 17. Qxc4 Na5 18. Qb5 Qxb5 19. Nxb5 Bxg2 20. Kxg2 Rab8 21. a4
a6 22. Nc7 Rfc8 23. Nxa6 Rb7 24. Rad1 Nd5 25. Be3 Nb3 26. Rfe1 Rc6 27. Bxc5 Nxc5
28. Nxc5 Rxc5 29. Rxe5 Kf7 30. Rd2 Rb4 31. Rde2 Rc6 32. R5e4 Rb3 33. h4 Rcb6 34.
a5 Ra6 35. Rc4 Rb5 36. b4 Rxb4 37. Rc5 Ra4 38. Rb5 R4xa5 39. Rb7+ Kf6 40. Rb8
Ra8 41. Rbb2 Rc5 42. Rb7 Rac8 43. Rbb2 Rc1 44. Rbd2 h6 45. Rb2 g5 46. hxg5+ hxg5
47. Re4 R1c2 48. Re2 Rxe2 49. Rxe2 Kf5 50. Ra2 Rc1 51. Ra5 Rc2 52. Ra8 Nf6 53.
Ra5+ e5 54. Ra3 Ne4 55. Rf3+ Kg4 56. Rf8 Rxf2+ 57. Rxf2 Nxf2 58. Kxf2 e4 0-1

[Event "TCh-TUR Super League 2023"]
[Site "Ankara TUR"]
[Date "2023.07.11"]
[Round "2.1"]
[Board "4"]
[White "Karaoglan, Doruk"]
[Black "Karagollu, Ahmet"]
[Result "1-0"]
[WhiteTitle "CM"]
[WhiteElo "2247"]
[BlackElo "2175"]
[WhiteTeam "ROTA KOLEJI"]
[BlackTeam "TAS DUVAR"]
[WhiteFideId "6390927"]
[BlackFideId "6307825"]
[EventDate "2023.07.10"]

1. e4 e5 2. Nf3 Nc6 3. Bc4 Nf6 4. d3 Bc5 5. Nc3 d6 6. Bg5 Be6 7. Nd5 Bxd5 8.
exd5 Nd4 9. Nxd4 Bxd4 10. c3 Bb6 11. Bb5+ Kf8 12. Qf3 h6 13. Bh4 g5 14. Bg3 Kg7
15. O-O-O g4 16. Qf5 Qc8 17. Qxc8 Raxc8 18. Bh4 h5 19. Bc4 Nd7 20. h3 f5 21. d4
a6 22. Kb1 Rce8 23. Bb3 Nf6 24. Ba4 Re7 25. Rde1 Rh6 26. Bc2 e4 27. f3 Re8 28.
hxg4 hxg4 29. Bxf6+ Rxf6 30. fxe4 fxe4 31. Rh4 g3 32. Rg4+ Rg6 33. Rgxe4 Rxe4
34. Bxe4 Rg4 35. Bf3 Rf4 36. Rh1 Rf5 37. Rh3 Rg5 38. Kc2 Kf6 39. Kd3 Kf5 40. Ke3
Rg8 41. Rh5+ Rg5 42. Rh4 Rg7 43. Rf4+ Kg5 44. Rg4+ Kf6 45. Rxg7 Kxg7 46. Kf4 Kf6
47. Kxg3 Kg5 48. Kf2 Kf4 49. g3+ Kf5 50. Ke3 Ba7 51. b4 Bb8 52. a4 Ba7 53. a5
Bb8 54. Bh5 b6 55. Be2 bxa5 56. bxa5 c5 57. Bxa6 Kg4 58. dxc5 Ba7 59. Kd3 Bxc5
60. Kc4 Kxg3 61. Kb5 Kf4 62. Kc6 Ke4 63. Bf1 1-0

[Event "TCh-TUR Super League 2023"]
[Site "Ankara TUR"]
[Date "2023.07.11"]
[Round "2.1"]
[Board "5"]
[White "Nurmanova, Alua"]
[Black "Mammadova, Narmin"]
[Result "0-1"]
[WhiteTitle "WIM"]
[BlackTitle "WIM"]
[WhiteElo "2183"]
[BlackElo "2241"]
[WhiteTeam "TAS DUVAR"]
[BlackTeam "ROTA KOLEJI"]
[WhiteFideId "13729390"]
[BlackFideId "13403710"]
[EventDate "2023.07.10"]

1. e4 e6 2. d4 d5 3. Nc3 Nf6 4. e5 Nfd7 5. f4 c5 6. Nf3 Qb6 7. Be3 a6 8. Na4
Qa5+ 9. c3 cxd4 10. b4 Qc7 11. Qxd4 b5 12. Nb2 f6 13. exf6 Nxf6 14. Ne5 Nc6 15.
Nxc6 Qxc6 16. a4 Bd7 17. Bd3 Bd6 18. O-O O-O 19. h3 Qc7 20. Bc2 Rac8 21. Rac1
Nh5 22. Qd1 g6 23. Nd3 Qxc3 24. Bb3 Qg7 25. a5 Ng3 26. Re1 Ne4 27. Qe2 Rc3 28.
Rb1 Rfc8 29. Bb6 Ng3 30. Qd2 Ne4 31. Qe2 Qf6 32. Be3 Ng3 33. Qd2 Ne4 34. Qe2
R3c7 35. Qf3 Qc3 36. Qe2 Qf6 37. Qf3 Bc6 38. Bc1 Qc3 39. Qd1 Qd4+ 40. Be3 Qf6
41. Ra1 Rf7 42. Rf1 d4 43. Bc1 Nc3 44. Qc2 Be4 45. Qd2 Bd5 46. Bd1 Nxd1 47. Qxd1
Rfc7 48. Rf2 Be4 49. Bb2 Rc4 50. Ne5 Bxe5 51. fxe5 Qxe5 52. Re2 Qd5 53. Qe1 Rc2
54. Rxe4 Rxb2 55. Rg4 Rcc2 56. Qg3 Rxg2+ 57. Qxg2 Rxg2+ 58. Rxg2 e5 0-1